Rabindra Bharati University
WEBOPAC (ONLINE PUBLIC ACCESS CATALOGUE)

Socio-Political thought of Rabindranath Tagore: (Record no. 123457)

000 -LEADER
fixed length control field 00597nam a22001937a 4500
005 - DATE & TIME
control field 20260318153810.0
008 - FIXED-LENGTH DATA ELEMENTS--GENERAL INFORMATION
fixed length control field 260318b xxu||||| |||| 00| 0 eng d
020 ## - ISBN
International Standard Book Number 978 1 041 11491 8
Price Rs.1595.00
040 ## - CATALOGING SOURCE
Original cataloging agency RBU-Library
041 ## - Language
Language English
082 ## - DDC NUMBER
Classification number 320.531
Book Number T128(C) T.L
100 ## - MAIN ENTRY--PERSONAL NAME
Personal name Chakrabarty, Bidyut
245 ## - TITLE STATEMENT
Title Socio-Political thought of Rabindranath Tagore:
Sub Title a universalist voice in the natinalist context
260 ## - PUBLICATION, DISTRIBUTION, ETC. (IMPRINT)
Place of publication, distribution, etc London:
Name of publisher, distributor, etc Routledge,
Date of publication, distribution, etc 2025
300 ## - PHYSICAL DESCRIPTION
Pages 276p.
650 ## - Subject
Subject Sociology
650 ## - Subject
Subject Tagore, Rabindranath, 1861-1941
942 ## - ADDED ENTRY ELEMENTS (KOHA)
Koha item type Books
100 ## - MAIN ENTRY--PERSONAL NAME
-- 1470
650 ## - Subject
-- 1476
650 ## - Subject
-- 1472
Holdings
Price effective from Location (home branch) Koha date last seen Not for loan Date acquired Source of classification or shelving scheme Koha item type Barcode (Accession No.) Damaged status Lost status Withdrawn status Sublocation or collection (holding branch) Koha full call number
2026-03-18Central Library, RBU.2026-03-18 2026-03-18 Books126980   Central Library, RBU.320.531 T128(C) T.L

Customized by - AVIOR TECHNOLOGIES PVT. LTD. , Website : www.aviortechnologies.com , Email : mail@aviortechnologies.com